000 00544nam a22001815i 4500
001 54572
003 ES-MaACL
005 20250824063032.0
007 t|
008 960722s1887 sp ||||1| spa d
040 _aCAM
_bspa
_cCAM
100 1 _aFreixa y Rabasó, Eusebio,
_d1824-1894
_952479
245 1 0 _aLegislación de minas /
_cpor Eusebio Freixa y Rabasó.
260 _aMadrid :
_bPublicaciones de Eusebio Freixa y Rabasó,
_c1887.
300 _a216 p. ;
_c20 cm.
852 _aES-MaACL
_jT-911-F-2
999 _c54572
_d54572